• 首页
  • 本馆介绍
  • 公告通知
  • 最新文献
  • 馆藏检索
  • 电子资源
  • 读者导购
  • 参考咨询
  • 我的图书馆
  • 登录
  • 详细信息显示
  • 放入我的书架
  • 预约/预借图书
  • 作者相关作品
  • 分类相关作品
  • 丛书相关作品
  • 出版社相关作品

书目信息

  • 表格格式
  • 工作单格式
  • 卡片格式
题名:
越南古代史
    
 
作者: 陶维英 著 ;刘统文 , 子钺 译
分册: 上  
出版信息: 北京   北京科学出版社  1959
页数: 297页
开本: 20cm
丛书名:
单 册:
中图分类: K333.2
科图分类:
主题词: 古代史--越南
电子资源:
ISBN:
000 00740nam0 2200265 45
001 0176001468
005 20040512091325.5
010    @dCNY1.65
100    @a19950927e19761959em y0chiy0121 ea
101 1  @achi@cvie
102    @aCN@b110000
105    @ay z 000yy
106    @ar
200 10 @a越南古代史@h上@Ayue nan gu dai shi@f(越)陶维英著@g刘统文,子钺译
205    @a新1版
210    @a北京@c北京科学出版社@g商务印书馆@d1959@h1976重印
215    @a297页@d20cm
606    @a古代史@y越南
690    @aK333.2@v3
701  0 @a陶维英@Atao wei ying@4著
702  0 @a刘统文@Aliu tong wen@4译
702  0 @a子钺@Azi yue@4译
801  0 @aCN@b广东省中山图书馆@c20040512
801  2 @aCN@bNLC@c20040512
905    @dK333.2@e2:1@f1@b218863
    
    越南古代史.上/(越)陶维英著/刘统文,子钺译.-新1版.-北京:北京科学出版社(商务印书馆),1959(1976重印)
    297页;20cm
    
    
    ISBN :CNY1.65
    
●
相关链接 在E读中查询图书 在五车中查询图书 在当当中查询图书 在豆瓣中查询图书


正题名:越南古代史     索取号:K333.2/2:1         预约/预借

序号 登录号 条形码 馆藏地/架位号 状态 备注
1 0218863   001396082   第二借阅区/ [索取号:K333.2/2:1] 在馆    
2 0218864   001396126   第二样本阅览室/ [索取号:K333.2/2:1] 在馆    
唐山师范学院图书馆 欢迎您!
大连网信软件有限公司© 版权所有